| 000 | 00557nam a2200193 i 4500 | ||
|---|---|---|---|
| 001 | bgj | ||
| 100 | 1 | _aNATION, Michael | |
| 245 | 1 | 0 |
_aA dictionary of modern Britain / _cMichael Nation ; adv. ed. David Christie. |
| 260 |
_aLondon : _bPenguin English, _ccop. 1991. |
||
| 300 |
_a100 pp : _bphot. ; _c25 cm. |
||
| 651 | 9 |
_aGreat Britain _xSocial life and culture |
|
| 655 | _aDictionaries | ||
| 020 | _a0140810137 (pbk) | ||
| 040 | _cBPK | ||
| 041 | 0 | _aeng | |
| 920 | _a0-14-081013-7 (pbk) | ||
| 942 | _cKS | ||
| 008 | s uk f |000 0 eng | ||
| 999 |
_c47993 _d47993 |
||
| 856 |
_uhttp://koha.tu.koszalin.pl/cgi-bin/koha/opac-detail.pl?biblionumber=47993 _yKatalog online BPK |
||